| 000 | 00559cam a2200181 4500 | ||
|---|---|---|---|
| 082 | 0 | 4 |
_a693.5 _bGRA |
| 100 | 1 | _aGray, W. S. | |
| 245 | 1 | 0 | _aConcrete water towers, bunkers, silos, and other elevated structures. |
| 250 | _a4th ed., rev. by G. P. Manning. | ||
| 260 |
_aLondon, _bConcrete Publications _c[1964] |
||
| 300 |
_aviii, 304 p. _billus. _c24 cm. |
||
| 490 | 1 | _aConcrete series | |
| 526 |
_a0 _b0 _c0 _d693_500000000000000_GRA |
||
| 650 | 0 | _aConcrete construction. | |
| 650 | 0 |
_aMCE _9379 |
|
| 650 | 0 |
_aReinforced concrete. _940928 |
|
| 942 |
_2ddc _cBK |
||
| 999 |
_c548958 _d548958 |
||